01142nam a2200241 a 450000100100000000500170001000800410002704000250006804100380009308200150013124501160014626000740026230000360033670000380037270000420041070000310045270000310048304900090051495201280052395201130065195201190076499900170088300002783920200930031134.0110405s1994 dr ac 000 0 spa d aDO-SdBNPbspacBNPHU17aspaheng2Código de idioma MARC axxxbB213c01aBanco Central de la República Dominicana :bperfil 1994-1995 /ctraducción Carmen Nadal de Frau...[et. al]. aSanto Domingo :bBanco Central de la República Dominicana,c[1994]. a174 p. :bil., retrs. ;c28 cm.12aNadal de Frau, Carmenetr.95491512aPagan Caballero, Cristinaetr.9549161 aValverde, Luisetr.9549171 aFaber, Leonardetr.954918 aBNPD 001054708DSaGRbGRcHDd2015-02-04iLF1l0oxxx B213cp27839-30r2020-06-25te. 3w2020-06-25yLFDSZPréstamo en sala 0010718PDaPDbPDcHDd2011-04-05iLF1l0oxxx B213cp27839-10r2020-06-25w2020-06-25yLFPDZNo se presta 0010718PDaPDbPDcHDd2013-06-24iLF1l0oxxx B213cp27839-20r2020-06-25te. 2w2020-06-25yLFPDZNo se presta c27331d27331